[Event "GER-chT U10"]
[Site "Magdeburg"]
[Date "2014.12.28"]
[Round "5.3"]
[White "Werner, Linus"]
[Black "Kessen, Fanny"]
[Result "1-0"]
[WhiteElo "1104"]
[BlackElo "942"]
[PlyCount "86"]
[EventDate "2014.12.27"]
[EventType "team-swiss"]
[EventRounds "7"]
[EventCountry "GER"]
[SourceTitle "EXT 2016"]
[Source "ChessBase"]
[SourceDate "2015.10.08"]
[SourceVersion "1"]
[SourceVersionDate "2015.10.08"]
[SourceQuality "1"]
[WhiteTeam "Stadtilm Blau Weiss"]
[BlackTeam "Berlin Schachunion"]
[WhiteTeamCountry "GER"]
[BlackTeamCountry "GER"]

1. d4 d5 2. g3 Nf6 3. Bg2 g6 4. e3 Bg7 5. Ne2 0-0 6. 0-0 Nc6 7. b3 b6 8. c4 e6 9. Ba3 Re8 10. Nbc3 Ne7 11. Qd2 Bb7 12. c5 Nf5 13. Rac1 Ng4 14. Nb1 Qg5 15. cxb6 Qh5 16. h3 Ngh6 17. g4 Qh4 18. gxf5 Nxf5 19. Rxc7 Reb8 20. Rfc1 Qg5 21. Rd7 Nh4 22. Nf4 e5 23. Be7 f6 24. Kf1 exf4 25. Bh1 f3 26. Bd6 Re8 27. Bg3 Nf5 28. Rxb7 Nxg3+ 29. fxg3 Qxg3 30. bxa7 Bh6 31. Re1 Qxh3+ 32. Kg1 Bg5 33. Nc3 Bh4 34. Rf1 Rac8 35. Rxf3 Qg4+ 36. Bg2 f5 37. Nxd5 Rcd8 38. Nb6 Be7 39. a8Q Bd6 40. Qa7 Be7 41. Rxe7 Rxe7 42. Qxe7 Rb8 43. Qc3 Rf8 1-0

[Event "GER-chT U10"]
[Site "Magdeburg"]
[Date "2014.12.27"]
[Round "2.3"]
[White "Werner, Linus"]
[Black "Hoffmann, Siegfried1111"]
[Result "0-1"]
[WhiteElo "1104"]
[BlackElo "1231"]
[PlyCount "51"]
[EventDate "2014.12.27"]
[EventType "team-swiss"]
[EventRounds "7"]
[EventCountry "GER"]
[SourceTitle "EXT 2016"]
[Source "ChessBase"]
[SourceDate "2015.10.08"]
[SourceVersion "1"]
[SourceVersionDate "2015.10.08"]
[SourceQuality "1"]
[WhiteTeam "Stadtilm Blau Weiss"]
[BlackTeam "Magdeburg USC"]
[WhiteTeamCountry "GER"]
[BlackTeamCountry "GER"]

1. d4 d5 2. g3 Nc6 3. Bg2 Nf6 4. e3 Bf5 5. Ne2 e6 6. 0-0 Bd6 7. b3 h5 8. Ba3 Qe7 9. Bxd6 Qxd6 10. h3 h4 11. g4 Nxg4 12. Nf4 Nf6 13. Bf3 g5 14. Ng2 Bxh3 15. c4 Bf5 16. c5 Qe7 17. Nd2 Bg4 18. Be2 h3 19. Ne1 e5 20. Kh2 exd4 21. exd4 Nxd4 22. Nb1 Qxe2 23. Nd2 Qe5+ 24. f4 Qe2+ 25. Qxe2+ Nxe2 26. Rf2 0-1

[Event "GER-chT U10"]
[Site "Magdeburg"]
[Date "2014.12.27"]
[Round "1.3"]
[White "Werner, Linus"]
[Black "Kirsch, Martin1111"]
[Result "1-0"]
[WhiteElo "1104"]
[BlackElo "770"]
[PlyCount "63"]
[EventDate "2014.12.27"]
[EventType "team-swiss"]
[EventRounds "7"]
[EventCountry "GER"]
[SourceTitle "EXT 2016"]
[Source "ChessBase"]
[SourceDate "2015.10.08"]
[SourceVersion "1"]
[SourceVersionDate "2015.10.08"]
[SourceQuality "1"]
[WhiteTeam "Stadtilm Blau Weiss"]
[BlackTeam "Stadtilm Blau Weiss II"]
[WhiteTeamCountry "GER"]
[BlackTeamCountry "GER"]

1. d4 d5 2. g3 Bf5 3. Bg2 Nc6 4. e3 Nf6 5. Ne2 e5 6. 0-0 exd4 7. exd4 Bd6 8. b3 Qe7 9. Re1 0-0-0 10. Nf4 Be4 11. f3 Rdg8 12. fxe4 dxe4 13. Nc3 Ne5 14. dxe5 Bxe5 15. Ncd5 Qd6 16. Rb1 Rd8 17. c4 Bxf4 18. Bxf4 Qe6 19. Qe2 Nxd5 20. cxd5 Rxd5 21. Qxe4 Qc6 22. Qxd5 Qxd5 23. Bxd5 b6 24. Rbc1 c5 25. Re7 Rf8 26. Rc7+ Kd8 27. Rxa7 Kc8 28. Ra8+ Kd7 29. Rxf8 Ke7 30. Re1+ Kxf8 31. Bd6+ Kg8 32. Re8# 1-0